The Berenstain bears get the gimmies
Salvato in:
| Autore principale: | |
|---|---|
| Altri autori: | |
| Natura: | Libro |
| Pubblicazione: |
New York
Random House
1998
|
| Serie: | First time books
|
| Soggetti: | |
| Tags: |
Aggiungi Tag
Nessun Tag, puoi essere il primo ad aggiungerne! !
|
| Thư viện lưu trữ: | Trung tâm Học liệu Lê Vũ Hùng, Trường Đại học Đồng Tháp |
|---|
| LEADER | 00774pam a22002538a 4500 | ||
|---|---|---|---|
| 001 | 00042254 | ||
| 005 | 20180905160934.0 | ||
| 008 | 161006skxdu ||||||Engsd | ||
| 020 | # | # | |a 0394805666 |
| 041 | 0 | # | |a Eng |
| 082 | 1 | 4 | |a 823 |b B206B |
| 100 | 1 | # | |a Berenstain, Stan |
| 245 | 1 | 0 | |a The Berenstain bears get the gimmies |c Stan Berenstain, Jan Berenstain |
| 260 | # | # | |c 1998 |a New York |b Random House |
| 300 | # | # | |b ill |a 32 tr. |c 21 cm. |
| 490 | # | # | |a First time books |
| 653 | # | # | |a Truyện |
| 653 | # | # | |a Văn học nước ngoài |
| 653 | # | # | |a Văn học thiếu nhi |
| 653 | # | # | |a văn học Anh |
| 700 | 1 | # | |a Berenstain, Jan |
| 852 | # | # | |j KD.0024203 |
| 910 | |d 05/09/2018 | ||
| 980 | # | # | |a Trung tâm Học liệu Lê Vũ Hùng, Trường Đại học Đồng Tháp |


